Instant Encore 1.5 / (رقم التسجيلة. 15276)
[ عرض عادي ]
| 000 -الفاتح | |
|---|---|
| حقل البيانات ثابتة الطول | 01394cam a22003497a 4500 |
| 001 - رقم الضبط | |
| رقم الضبط | 13722050 |
| 003 - محدد رقم الضبط | |
| رقم الضبط | OSt |
| 005 - وقت وتاريخ اخر تعامل مع التسجيلة | |
| رقم الضبط | 20150408113925.0 |
| 008 - عناصر البيانات ثابتة الطول - معلومات عامة | |
| حقل البيانات ثابتة الطول | 040916s2004 caua 000 0 eng d |
| 010 ## - رقم ضبط مكتبة الكونجرس | |
| رقم ضبط مكتبة الكونجرس | 2004558405 |
| 020 ## - الرقم الدولى المعيارى للكتب | |
| الرقم الدولى المعيارى للكتاب | 1578202450 (pbk. ) |
| 035 ## - رقم ضبط النظام | |
| رقم ضبط النظام | (OCoLC)ocm59284770 |
| 040 ## - مصدر الفهرسة | |
| وكالة الفهرسة الأصلية | CNU |
| وكالة النسخ | CNU |
| وكالة التعديل | DLC |
| 042 ## - رمز التحقق | |
| رمز التحقق | lccopycat |
| 050 00 - رقم طلب مكتبة الكونجرس | |
| رقم التصنيف | TK6680.5 |
| رقم المادة | .E23 2004 |
| 082 ## - رقم تصنيف ديوى العشرى | |
| رقم الطبعة | 21 |
| 100 1# - المدخل الرئيسى - إسم شخصى | |
| الإسم الشخصى | Eagle, Douglas Spotted. |
| 9 (RLIN) | 4791 |
| 245 10 - بيان العنوان | |
| العنوان | Instant Encore 1.5 / |
| بيان المسئوليه,etc | Douglas Spotted Eagle. |
| 246 30 - العنوان الموازى | |
| عنوان صحيح/عنوان مختصر | Encore 1.5 |
| 246 1# - العنوان الموازى | |
| نص العرض | Title on cover: |
| عنوان صحيح/عنوان مختصر | Instant Encore DVD 1.5 : |
| بقية العنوان | video, audio, surround, streaming |
| 260 ## - PUBLICATION, DISTRIBUTION, ETC. (IMPRINT) | |
| مكان الناشر او الموزع | San Francisco, CA : |
| اسم الناشر او الموزع | CMP Books ; |
| مكان الناشر او الموزع | Berkeley, CA : |
| اسم الناشر او الموزع | Distributed in the U.S. by Publishers Group West, |
| تاريخ النشر أو التوزيع | c2004. |
| 300 ## - الوصف المادى | |
| التعداد | x, 226 p. : |
| تفاصيل ماديه اخرى للوعاء | ill. ; |
| أبعاد الوعاء | 19 x 24 cm. |
| 630 00 - المدخل الاضافى بالموضوع - عنوان موحد | |
| عنوان موحد | Encore (Computer file) |
| 9 (RLIN) | 4792 |
| 650 #0 - المدخل الاضافى بالموضوع-مصطلح موضوعى | |
| مصطلح موضوعي أو اسم جغرافي كعنصر مدخل | DVDs. |
| 9 (RLIN) | 4793 |
| 650 #0 - المدخل الاضافى بالموضوع-مصطلح موضوعى | |
| مصطلح موضوعي أو اسم جغرافي كعنصر مدخل | Digital video. |
| 9 (RLIN) | 4794 |
| 650 #0 - المدخل الاضافى بالموضوع-مصطلح موضوعى | |
| مصطلح موضوعي أو اسم جغرافي كعنصر مدخل | DVD-Video discs |
| التقسيم الفرعي العام | Authoring programs. |
| 9 (RLIN) | 4795 |
| 650 #0 - المدخل الاضافى بالموضوع-مصطلح موضوعى | |
| مصطلح موضوعي أو اسم جغرافي كعنصر مدخل | Interactive multimedia |
| التقسيم الفرعي العام | Authoring programs. |
| 9 (RLIN) | 4796 |
| 856 42 - الوصول و الموقع الالكترونى | |
| مواد محددة | Publisher description |
| معرف المصدر الموحد | <a href="http://www.loc.gov/catdir/enhancements/fy0703/2004558405-d.html">http://www.loc.gov/catdir/enhancements/fy0703/2004558405-d.html</a> |
| 906 ## - عنصر بيانات محلى F, LDF (RLIN) | |
| a | 7 |
| b | cbc |
| c | copycat |
| d | 2 |
| e | ncip |
| f | 20 |
| g | y-gencatlg |
| 942 ## - عناصر المدخل الإضافي( كوها) | |
| مصدر التصنيف او مخطط الترفيف | Dewey Decimal Classification |
| Koha [default] item type | كتاب |
| حالة الفقد | نموذج السعر الفعال | حالة تلف | ليس للاعارة | رقم الطلب | تاريخ الاكتساب | الموقع الحالي | الباركود | الفرع الرئيسي | Date last seen | نوع المادة فى نظام كوها | مصدر التصنيف او خطة الترفيف | Total Checkouts |
|---|---|---|---|---|---|---|---|---|---|---|---|---|
| 2013-03-10 | 005.1 E D I | 2011-09-21 | المكتبة المركزية بالمجمعة (CL) | 00048636 | المكتبة المركزية بالمجمعة (CL) | 2013-03-10 | كتاب | Dewey Decimal Classification | ||||
| 2013-03-10 | 005.1 E D I | 2011-09-22 | المكتبة المركزية بالمجمعة (CL) | 00048652 | المكتبة المركزية بالمجمعة (CL) | 2013-03-10 | كتاب | Dewey Decimal Classification | ||||
| 2013-03-10 | 005.1 E D I | 2011-09-22 | المكتبة المركزية بالمجمعة (CL) | 00048651 | المكتبة المركزية بالمجمعة (CL) | 2013-03-10 | كتاب | Dewey Decimal Classification |
